Normal view
MARC view
- Merchant Pooja (2k81100)
Entry Personal Name
001 - CONTROL NUMBER
- control field: 102036
003 - CONTROL NUMBER IDENTIFIER
- control field: OSt
005 - DATE AND TIME OF LATEST TRANSACTION
- control field: 20221007215911.0
008 - FIXED-LENGTH DATA ELEMENTS
- fixed length control field: 221007|| aca||aabn | a|a d
040 ## - CATALOGING SOURCE
- Original cataloging agency: OSt
- Transcribing agency: OSt
100 ## - HEADING--PERSONAL NAME
- Personal name: Merchant Pooja (2k81100)
670 ## - SOURCE DATA FOUND
- Source citation: Work cat.: (OSt)69193: Merchant Pooja (2k81100), Equity Analysis of Telecom Sector, 2010